00316 2200133 4500001002100000005001500021035002000036245006500056300000700121260002200128082000800150084001200158990001200170INLIS00000000000222120250527015057 a0010-0525000513 aKunci Alam Semesta Albert Einsten /cLiu Si Yuan, Li Lian Bu a32 bPakar Raya,c2007 a600 a600 KUN a0713262